[Event "Oberliga Ost B"]
[Site "?"]
[Date "2022.11.26"]
[Round "4.1"]
[White "Sadeghi, Behrang"]
[Black "Sivuk, Vitaly"]
[Result "0-1"]
[WhiteElo "2241"]
[BlackElo "2568"]
[PlyCount "110"]
[EventDate "2022.09.18"]
[EventType "team-tourn"]
[EventCountry "GER"]
[WhiteTeam "Homburg Bad SK"]
[BlackTeam "Emstal Bad Wolfhagen SF"]
[WhiteTeamCountry "GER"]
[BlackTeamCountry "GER"]

1. e4 e5 2. Nf3 Nc6 3. Bb5 a6 4. Ba4 Nf6 5. O-O Be7 6. Re1 b5 7. Bb3 O-O 8. a4 Bb7 9. d3 d6 10. Nc3 b4 11. Nd5 Na5 12. Nxe7+ Qxe7 13. Ba2 c5 14. Bg5 h6 15. Bxf6 Qxf6 16. c3 bxc3 17. bxc3 c4 18. d4 Bc6 19. d5 Bd7 20. Nd2 Rfc8 21. Rb1 Qg5 22. Kh1 Qd8 23. Rb4 Rab8 24. Rxb8 Rxb8 25. Nxc4 Qc7 26. Qd3 Bxa4 27. Nxa5 Qxa5 28. Bc4 Rb2 29. f3 Bc2 30. Qf1 Qxc3 31. Bxa6 g6 32. Ra1 Qd4 33. Qg1 Kg7 34. Bc8 f5 35. exf5 gxf5 36. Qe1 Kf6 37. Be6 Qb4 38. Qc1 f4 39. h3 Rb1 40. Rxb1 Qxb1 41. Qxb1 Bxb1 42. Bc8 e4 43. fxe4 Bxe4 44. Kg1 Bxd5 45. Kf2 Be4 46. h4 Ke5 47. g3 d5 48. Bg4 Bc2 49. Bf3 fxg3+ 50. Kxg3 d4 51. Kg4 d3 52. Kh5 Kf4 53. Bg4 d2 54. Be2 Ke3 55. Bg4 Be4 0-1

[Event "Oberliga Ost B"]
[Site "?"]
[Date "2022.11.26"]
[Round "4.2"]
[White "Peng, Li Min"]
[Black "Lesny, Florian"]
[Result "1/2-1/2"]
[WhiteElo "2514"]
[BlackElo "2211"]
[PlyCount "38"]
[EventDate "2022.09.18"]
[EventType "team-tourn"]
[EventCountry "GER"]
[WhiteTeam "Emstal Bad Wolfhagen SF"]
[BlackTeam "Homburg Bad SK"]
[WhiteTeamCountry "GER"]
[BlackTeamCountry "GER"]

1. d4 d5 2. c4 e6 3. Nc3 Nf6 4. cxd5 exd5 5. Bg5 Be7 6. e3 O-O 7. Bd3 h6 8. Bh4 Re8 9. Nge2 Nbd7 10. O-O c6 11. f3 b5 12. Bf2 b4 13. Na4 c5 14. Bb5 Rb8 15. Bxd7 Nxd7 16. dxc5 Nxc5 17. Nd4 Bd7 18. Nxc5 Bxc5 19. Qd2 Qb6 1/2-1/2

[Event "Oberliga Ost B"]
[Site "?"]
[Date "2022.11.26"]
[Round "4.3"]
[White "Schmidt, Walter"]
[Black "Larkin, Vladyslav"]
[Result "0-1"]
[WhiteElo "2219"]
[BlackElo "2439"]
[PlyCount "64"]
[EventDate "2022.09.18"]
[EventType "team-tourn"]
[EventCountry "GER"]
[WhiteTeam "Homburg Bad SK"]
[BlackTeam "Emstal Bad Wolfhagen SF"]
[WhiteTeamCountry "GER"]
[BlackTeamCountry "GER"]

1. e4 c5 2. Nf3 e6 3. d4 cxd4 4. Nxd4 a6 5. Bd3 Qc7 6. O-O Nf6 7. c4 Nc6 8. Nxc6 dxc6 9. Nc3 e5 10. h3 Bc5 11. Na4 Bd4 12. c5 Be6 13. Qc2 h6 14. Re1 Rd8 15. Be3 O-O 16. Nc3 Bxe3 17. Rxe3 Qe7 18. Ne2 Nh5 19. b4 Rd7 20. Bc4 Rfd8 21. Rc1 Rd2 22. Qb3 Bxc4 23. Qxc4 Qh4 24. Rf3 Rd1+ 25. Rxd1 Rxd1+ 26. Kh2 Nf6 27. g3 Qxe4 28. Qxe4 Nxe4 29. Re3 Nxf2 30. Rxe5 Kf8 31. Kg2 Nd3 32. Re4 Rd2 0-1

[Event "Oberliga Ost B"]
[Site "?"]
[Date "2022.11.26"]
[Round "4.4"]
[White "Petrovskyi, Vadym"]
[Black "Lenz, Jonas"]
[Result "1-0"]
[WhiteElo "2398"]
[BlackElo "2166"]
[PlyCount "63"]
[EventDate "2022.09.18"]
[EventType "team-tourn"]
[EventCountry "GER"]
[WhiteTeam "Emstal Bad Wolfhagen SF"]
[BlackTeam "Homburg Bad SK"]
[WhiteTeamCountry "GER"]
[BlackTeamCountry "GER"]

1. e4 e5 2. Nf3 Nc6 3. Bb5 a6 4. Ba4 Nf6 5. O-O Be7 6. Re1 b5 7. Bb3 d6 8. c3 O-O 9. h3 Bb7 10. d4 Nd7 11. Nbd2 exd4 12. cxd4 Bf6 13. Nf1 Na5 14. Bc2 c5 15. e5 dxe5 16. dxe5 Bxf3 17. Qd3 g6 18. exf6 Bb7 19. Bg5 Nc6 20. Nh2 h6 21. Bxh6 Nxf6 22. Bxf8 Qxd3 23. Bxd3 Kxf8 24. Rad1 Nd4 25. b4 cxb4 26. Bxg6 Ne6 27. Bf5 Nc5 28. Rd6 Nfe4 29. Rd4 a5 30. Bxe4 Re8 31. f3 f5 32. Rc1 1-0

[Event "Oberliga Ost B"]
[Site "?"]
[Date "2022.11.26"]
[Round "4.5"]
[White "Kaliski, Erwin"]
[Black "Prokofiev, Valentyn"]
[Result "0-1"]
[WhiteElo "2216"]
[BlackElo "2280"]
[PlyCount "20"]
[EventDate "2022.09.18"]
[EventType "team-tourn"]
[EventCountry "GER"]
[WhiteTeam "Homburg Bad SK"]
[BlackTeam "Emstal Bad Wolfhagen SF"]
[WhiteTeamCountry "GER"]
[BlackTeamCountry "GER"]

1. e4 c5 2. c3 Nf6 3. e5 Nd5 4. d4 cxd4 5. cxd4 d6 6. f4 Nc6 7. Nc3 dxe5 8. fxe5 Bf5 9. Bd3 Bxd3 10. Qxd3 Ndb4 0-1

[Event "Oberliga Ost B"]
[Site "?"]
[Date "2022.11.26"]
[Round "4.6"]
[White "Kersten, Uwe"]
[Black "Dunsbach, Ralf"]
[Result "1/2-1/2"]
[WhiteElo "2256"]
[BlackElo "2124"]
[PlyCount "54"]
[EventDate "2022.09.18"]
[EventType "team-tourn"]
[EventCountry "GER"]
[WhiteTeam "Emstal Bad Wolfhagen SF"]
[BlackTeam "Homburg Bad SK"]
[WhiteTeamCountry "GER"]
[BlackTeamCountry "GER"]

1. d4 d5 2. c4 dxc4 3. e3 Nf6 4. Bxc4 e6 5. Qe2 c5 6. dxc5 Bxc5 7. Nf3 Nc6 8. O-O O-O 9. a3 a6 10. b4 Be7 11. Bb2 Qc7 12. Rc1 Bd7 13. Nbd2 Rfd8 14. e4 Rac8 15. e5 Nd5 16. Qe4 Be8 17. h4 Qd7 18. Qg4 Kh8 19. Ne4 Bf8 20. Bb3 a5 21. b5 Nce7 22. Rxc8 Nxc8 23. a4 Ncb6 24. Rd1 Qc7 25. Rc1 Qd7 26. Rd1 Qc7 27. Rc1 Qd7 1/2-1/2

[Event "Oberliga Ost B"]
[Site "?"]
[Date "2022.11.26"]
[Round "4.7"]
[White "Wolf, Ulrich Martin"]
[Black "Rakhmangulova, Anastasiya"]
[Result "0-1"]
[WhiteElo "2182"]
[BlackElo "2287"]
[PlyCount "106"]
[EventDate "2022.09.18"]
[EventType "team-tourn"]
[EventCountry "GER"]
[WhiteTeam "Homburg Bad SK"]
[BlackTeam "Emstal Bad Wolfhagen SF"]
[WhiteTeamCountry "GER"]
[BlackTeamCountry "GER"]

1. d4 Nf6 2. Nf3 g6 3. Bg5 Bg7 4. Nbd2 d5 5. e3 Bf5 6. c4 c6 7. Qb3 Qb6 8. c5 Qc7 9. Bf4 Qc8 10. h3 O-O 11. Be2 Ne4 12. g4 Be6 13. Qc2 Nxd2 14. Nxd2 f6 15. Nf3 Nd7 16. Bg3 b6 17. Qa4 a5 18. cxb6 Nxb6 19. Qc2 Bd7 20. Rc1 Qd8 21. O-O Re8 22. Rfd1 e5 23. dxe5 fxe5 24. e4 Qe7 25. Qc5 Qxc5 26. Rxc5 Na4 27. Rc2 d4 28. b3 Nc3 29. Rxc3 dxc3 30. Rc1 Bc8 31. Bc4+ Be6 32. Rxc3 Bxc4 33. Rxc4 Re6 34. Rc5 a4 35. Nxe5 axb3 36. axb3 Ra1+ 37. Kg2 Bxe5 38. Bxe5 Rb1 39. f4 Rxb3 40. Ra5 Re8 41. Ra7 Rd8 42. Ra2 c5 43. Bf6 Rdd3 44. f5 Rg3+ 45. Kf1 Rbf3+ 46. Ke1 Ra3 47. Rc2 Rxh3 48. Be5 Ra5 49. Rb2 Ra8 50. Ke2 Re8 51. Rb8 Rxb8 52. Bxb8 c4 53. Kd2 Rh4 0-1

[Event "Oberliga Ost B"]
[Site "?"]
[Date "2022.11.26"]
[Round "4.8"]
[White "Dubinski, Leonid"]
[Black "Kaiser, Richard"]
[Result "0-1"]
[WhiteElo "2159"]
[BlackElo "2108"]
[PlyCount "72"]
[EventDate "2022.09.18"]
[EventType "team-tourn"]
[EventCountry "GER"]
[WhiteTeam "Emstal Bad Wolfhagen SF"]
[BlackTeam "Homburg Bad SK"]
[WhiteTeamCountry "GER"]
[BlackTeamCountry "GER"]

1. e4 d6 2. d4 Nf6 3. Nc3 e5 4. Nf3 Nbd7 5. g4 Nxg4 6. Rg1 Ngf6 7. Bc4 exd4 8. Qxd4 c6 9. Be3 Qa5 10. Rg5 Qc7 11. O-O-O h6 12. Rgg1 Ne5 13. Nxe5 dxe5 14. Qd3 Nh5 15. Ne2 g5 16. Qc3 Rh7 17. Ng3 Nxg3 18. hxg3 Bd6 19. Qd3 Be7 20. f4 b5 21. Bb3 Bg4 22. Rd2 Rd8 23. Qf1 Rxd2 24. Bxd2 Bc5 25. Rh1 gxf4 26. gxf4 h5 27. a4 a6 28. f5 Qb6 29. Kb1 Be3 30. Bc3 f6 31. Qe1 Rd7 32. Ba5 Qd4 33. Qh4 Bg5 34. Qg3 Qxe4 35. Re1 Qxe1+ 36. Qxe1 Rd1+ 0-1

[Event "Oberliga Ost B"]
[Site "?"]
[Date "2022.11.26"]
[Round "4.1"]
[White "Konopka, Michal"]
[Black "Teske, Henrik"]
[Result "1/2-1/2"]
[WhiteElo "2358"]
[BlackElo "2469"]
[PlyCount "20"]
[EventDate "2022.09.18"]
[EventType "team-tourn"]
[EventCountry "GER"]
[WhiteTeam "Schoeneck SF"]
[BlackTeam "Erfurt SV Empor"]
[WhiteTeamCountry "GER"]
[BlackTeamCountry "GER"]

1. Nf3 c5 2. c4 Nf6 3. Nc3 Nc6 4. g3 g6 5. Bg2 d6 6. d4 cxd4 7. Nxd4 Bd7 8. O-O Bg7 9. b3 O-O 10. Bb2 a6 1/2-1/2

[Event "Oberliga Ost B"]
[Site "?"]
[Date "2022.11.26"]
[Round "4.4"]
[White "Urban, Lars"]
[Black "Nazarenus, Moritz"]
[Result "0-1"]
[WhiteElo "2189"]
[BlackElo "2263"]
[PlyCount "72"]
[EventDate "2022.09.18"]
[EventType "team-tourn"]
[EventCountry "GER"]
[WhiteTeam "Erfurt SV Empor"]
[BlackTeam "Schoeneck SF"]
[WhiteTeamCountry "GER"]
[BlackTeamCountry "GER"]

1. e4 c6 2. d4 d5 3. exd5 cxd5 4. c4 Nf6 5. Nc3 e6 6. Nf3 Be7 7. cxd5 Nxd5 8. Bd3 Nc6 9. O-O O-O 10. Re1 Nf6 11. a3 b6 12. Bc2 Bb7 13. Qd3 g6 14. Bh6 Re8 15. Rad1 Qc7 16. Ne5 Rad8 17. Qc4 Qc8 18. Ba4 Rd6 19. Nb5 Rd5 20. Rc1 Nxe5 21. dxe5 Rc5 22. Qf1 Ng4 23. Bf4 Rd8 24. Qe2 h5 25. Nd6 Bxd6 26. exd6 Rxd6 27. Rxc5 Qxc5 28. Bxd6 Qxd6 29. g3 Qd5 30. f3 Qd4+ 31. Kg2 Qxa4 32. Qd3 Qa5 33. b4 Qg5 34. h4 Qf6 35. Rd1 Bd5 36. Kg1 Ne5 0-1

[Event "Oberliga Ost B"]
[Site "?"]
[Date "2022.11.26"]
[Round "4.6"]
[White "Heinke, Jasper"]
[Black "Weiss, Matthias"]
[Result "1-0"]
[WhiteElo "2023"]
[BlackElo "2030"]
[PlyCount "99"]
[EventDate "2022.09.18"]
[EventType "team-tourn"]
[EventCountry "GER"]
[WhiteTeam "Erfurt SV Empor"]
[BlackTeam "Schoeneck SF"]
[WhiteTeamCountry "GER"]
[BlackTeamCountry "GER"]

1. e4 c5 2. Nf3 e6 3. d4 cxd4 4. Nxd4 Nf6 5. Nc3 Nc6 6. Be3 Bb4 7. Nxc6 bxc6 8. Bd3 d5 9. e5 Nd7 10. Qg4 Bf8 11. f4 g6 12. h4 f5 13. exf6 Nxf6 14. Qg3 Qc7 15. Bd4 Bg7 16. Be5 Qf7 17. h5 gxh5 18. O-O-O Rg8 19. Qh4 Nd7 20. Bxh7 Bxe5 21. Bxg8 Qxf4+ 22. Qxf4 Bxf4+ 23. Kb1 Nf6 24. Rdf1 Be5 25. Bh7 Nxh7 26. Rxh5 Bxc3 27. bxc3 Rb8+ 28. Kc1 Rb7 29. g4 Rg7 30. g5 Nf8 31. Rh8 Rf7 32. Rg1 Ke7 33. g6 Rg7 34. Rf1 Rxg6 35. Rfxf8 Ba6 36. Ra8 Bc4 37. Rxa7+ Kd6 38. Rd8+ Kc5 39. Re8 Kd6 40. Rd8+ Kc5 41. a4 e5 42. Re7 e4 43. Kb2 Rg2 44. Re6 Bd3 45. Rc8 Rxc2+ 46. Kb3 Kb6 47. Rexc6+ Kb7 48. Kb4 Bc4 49. Ka5 Rxc3 50. R6c7# 1-0

[Event "Oberliga Ost B"]
[Site "?"]
[Date "2022.11.26"]
[Round "4.7"]
[White "Mueller, Achim"]
[Black "Nicolai, Tim"]
[Result "1/2-1/2"]
[WhiteElo "2107"]
[BlackElo "2004"]
[PlyCount "93"]
[EventDate "2022.09.18"]
[EventType "team-tourn"]
[EventCountry "GER"]
[WhiteTeam "Schoeneck SF"]
[BlackTeam "Erfurt SV Empor"]
[WhiteTeamCountry "GER"]
[BlackTeamCountry "GER"]

1. Nf3 g6 2. e4 c5 3. d3 Bg7 4. g3 d6 5. Bg2 Nf6 6. O-O O-O 7. c3 Nc6 8. Re1 e5 9. a3 Re8 10. b4 b6 11. Nbd2 h6 12. b5 Ne7 13. Nc4 Qc7 14. Rb1 Bb7 15. Bb2 Nh7 16. Qb3 Rad8 17. d4 Nc8 18. d5 Ne7 19. Ne3 Kh8 20. Nh4 Bf6 21. Nf3 Bg7 22. c4 Ng8 23. a4 Qe7 24. Bc3 Ng5 25. Nh4 Bc8 26. Rf1 Nf6 27. f3 Nh3+ 28. Kh1 Nh5 29. Ng4 N3f4 30. Bd2 Ne2 31. Be1 Kh7 32. Qe3 Nd4 33. Bh3 Qg5 34. Qf2 Qe7 35. Qg2 g5 36. Nf5 Nxf5 37. exf5 Bxf5 38. Nxh6 Bxb1 39. Bf5+ Bxf5 40. Nxf5 Qf6 41. Qh3 Kg6 42. Ne3 Rh8 43. Qg4 Nf4 44. gxf4 exf4 45. Bc3 Qxc3 46. Qf5+ Kh6 47. Qh3+ 1/2-1/2

[Event "Oberliga Ost B"]
[Site "?"]
[Date "2022.11.26"]
[Round "4.8"]
[White "Pichl, Michael"]
[Black "Raetsch, Kurt"]
[Result "0-1"]
[WhiteElo "1792"]
[BlackElo "1962"]
[PlyCount "86"]
[EventDate "2022.09.18"]
[EventType "team-tourn"]
[EventCountry "GER"]
[WhiteTeam "Erfurt SV Empor"]
[BlackTeam "Schoeneck SF"]
[WhiteTeamCountry "GER"]
[BlackTeamCountry "GER"]

1. g3 e5 2. Bg2 Nf6 3. c4 Bc5 4. Nf3 e4 5. Ng1 c6 6. a3 d5 7. d4 exd3 8. Qxd3 Qb6 9. e3 dxc4 10. Qxc4 Be6 11. Qe2 O-O 12. Nf3 Nbd7 13. O-O Rad8 14. b4 Be7 15. Bb2 Rfe8 16. Qc2 c5 17. bxc5 Bxc5 18. Nd4 Bg4 19. h3 Bh5 20. g4 Bg6 21. Nf5 Bxf5 22. Qxf5 Qxb2 23. g5 Re5 24. Qf4 Nh5 25. Qg4 g6 26. Nd2 Qxd2 27. Rad1 Qc3 28. Rxd7 Rxd7 29. Qxd7 Qxa3 30. Rd1 Bf8 31. Qxb7 Rxg5 32. Rd7 Qa1+ 33. Kh2 Qf6 34. f4 Rf5 35. Bd5 Rxd5 36. Qxd5 Ng7 37. Rxa7 Nf5 38. Qb3 Bd6 39. Qd3 Nxe3 40. Kh1 Qxf4 41. Ra8+ Kg7 42. Qc3+ Kh6 43. Qd2 Qf1# 0-1

[Event "Oberliga Ost B"]
[Site "?"]
[Date "2022.11.26"]
[Round "4.1"]
[White "Mazurek, Robert"]
[Black "Zude, Erik"]
[Result "1-0"]
[WhiteElo "2202"]
[BlackElo "2380"]
[PlyCount "109"]
[EventDate "2022.09.18"]
[EventType "team-tourn"]
[EventCountry "GER"]
[WhiteTeam "Gernsheim SK"]
[BlackTeam "Hofheim SV II"]
[WhiteTeamCountry "GER"]
[BlackTeamCountry "GER"]

1. d4 Nf6 2. c4 g6 3. Nc3 Bg7 4. e4 d6 5. Be2 O-O 6. f4 c5 7. d5 e6 8. Nf3 exd5 9. cxd5 Bg4 10. e5 Ne8 11. e6 Nc7 12. exf7+ Rxf7 13. O-O Nd7 14. Ng5 Bxe2 15. Nxf7 Bxd1 16. Nxd8 Bd4+ 17. Kh1 Rxd8 18. Rxd1 Nf6 19. Re1 Nfxd5 20. Bd2 b5 21. a3 Rd7 22. Rad1 Kf7 23. g3 Nf6 24. Be3 Bxc3 25. bxc3 Ncd5 26. Bd2 Nb6 27. Re2 Nc4 28. Bc1 d5 29. Kg2 Rd6 30. Kf3 Ne4 31. Rd3 Ke6 32. g4 Rd7 33. Kg2 Re7 34. a4 bxa4 35. Ra2 Rb7 36. Rxa4 Rb1 37. Ra6+ Ncd6 38. Ba3 Rb3 39. f5+ gxf5 40. gxf5+ Ke5 41. f6 Rb7 42. Rc6 Ne8 43. Bxc5 Nxc5 44. Rxc5 Nxf6 45. Kf3 Rb2 46. Re3+ Ne4 47. Rxe4+ Kd6 48. Rb4 Rxh2 49. Rbb5 Rh3+ 50. Ke2 Rh2+ 51. Kd3 Rh3+ 52. Kc2 Rh5 53. Kb3 a6 54. Ra5 Rg5 55. Rc8 1-0

[Event "Oberliga Ost B"]
[Site "?"]
[Date "2022.11.26"]
[Round "4.2"]
[White "Haack, Kevin"]
[Black "Neumann, Martin"]
[Result "1/2-1/2"]
[WhiteElo "2219"]
[BlackElo "2122"]
[PlyCount "44"]
[EventDate "2022.09.18"]
[EventType "team-tourn"]
[EventCountry "GER"]
[WhiteTeam "Hofheim SV II"]
[BlackTeam "Gernsheim SK"]
[WhiteTeamCountry "GER"]
[BlackTeamCountry "GER"]

1. d4 d5 2. c4 e6 3. Nf3 Nf6 4. g3 b6 5. cxd5 exd5 6. Bg2 Bd6 7. Nc3 O-O 8. O-O Bb7 9. Qc2 Re8 10. Re1 c5 11. Bf4 Bxf4 12. gxf4 Nc6 13. dxc5 bxc5 14. Na4 c4 15. b3 cxb3 16. axb3 Rc8 17. Qb2 Qd6 18. e3 Nb4 19. Red1 Rc2 20. Qd4 Nc6 21. Qd3 Nb4 22. Qd4 Nc6 1/2-1/2

[Event "Oberliga Ost B"]
[Site "?"]
[Date "2022.11.26"]
[Round "4.3"]
[White "Mueller, Maximilian"]
[Black "Fish, Jonathan M"]
[Result "1-0"]
[WhiteElo "2307"]
[BlackElo "2124"]
[PlyCount "65"]
[EventDate "2022.09.18"]
[EventType "team-tourn"]
[EventCountry "GER"]
[WhiteTeam "Gernsheim SK"]
[BlackTeam "Hofheim SV II"]
[WhiteTeamCountry "GER"]
[BlackTeamCountry "GER"]

1. e4 c5 2. Ne2 Nc6 3. c4 g6 4. d4 cxd4 5. Nxd4 Bg7 6. Be3 Nf6 7. Nc3 Ng4 8. Qxg4 Nxd4 9. Qd1 Ne6 10. Rc1 Qa5 11. Qd2 O-O 12. Be2 Nc5 13. Nd5 Qxd2+ 14. Kxd2 Nxe4+ 15. Kd3 f5 16. Nc7 d5 17. Nxa8 f4 18. Bxa7 Bf5 19. Nc7 Nxf2+ 20. Kd2 Ne4+ 21. Kc2 Ng3+ 22. Bd3 Bxd3+ 23. Kxd3 dxc4+ 24. Kxc4 Nxh1 25. Rxh1 f3 26. gxf3 Rf4+ 27. Kb5 Bxb2 28. Re1 Rxf3 29. Rxe7 Ra3 30. Bc5 Rc3 31. Re8+ Kf7 32. Rf8+ Kg7 33. Rf2 1-0

[Event "Oberliga Ost B"]
[Site "?"]
[Date "2022.11.26"]
[Round "4.4"]
[White "Kushka, Alena"]
[Black "Mao, Kevin"]
[Result "0-1"]
[WhiteElo "2144"]
[BlackElo "2034"]
[PlyCount "70"]
[EventDate "2022.09.18"]
[EventType "team-tourn"]
[EventCountry "GER"]
[WhiteTeam "Hofheim SV II"]
[BlackTeam "Gernsheim SK"]
[WhiteTeamCountry "GER"]
[BlackTeamCountry "GER"]

1. d4 Nf6 2. c4 g6 3. Nc3 d5 4. Nf3 Bg7 5. Bf4 O-O 6. e3 c5 7. dxc5 Qa5 8. Rc1 dxc4 9. Bxc4 Qxc5 10. Bb3 Nc6 11. O-O Qa5 12. h3 Bf5 13. Qe2 Ne4 14. Nd5 e5 15. Rxc6 exf4 16. Rcc1 fxe3 17. Nxe3 Rfe8 18. Rfd1 Bh6 19. Rd5 Qb6 20. Ne5 Be6 21. Rb5 Ng3 22. Qd3 Qd8 23. Rd1 Qxd3 24. Rxd3 a6 25. Rxb7 Bxb3 26. fxg3 Bxa2 27. N3g4 Bg7 28. Nd7 Re6 29. Nb8 h5 30. Ne3 Rxe3 31. Rxe3 Bd4 32. Kf2 Bd5 33. Rb4 Bc5 34. Nd7 Bxb4 35. Nf6+ Kg7 0-1

[Event "Oberliga Ost B"]
[Site "?"]
[Date "2022.11.26"]
[Round "4.5"]
[White "Schupp, Uwe"]
[Black "Engel, Berthold"]
[Result "1/2-1/2"]
[WhiteElo "2111"]
[BlackElo "2118"]
[PlyCount "96"]
[EventDate "2022.09.18"]
[EventType "team-tourn"]
[EventCountry "GER"]
[WhiteTeam "Gernsheim SK"]
[BlackTeam "Hofheim SV II"]
[WhiteTeamCountry "GER"]
[BlackTeamCountry "GER"]

1. Nf3 d6 2. g3 Nf6 3. Bg2 g6 4. c4 Bg7 5. O-O O-O 6. Nc3 c6 7. d3 Qc7 8. Rb1 a5 9. a3 Nbd7 10. b4 axb4 11. axb4 Nb6 12. Qb3 h6 13. Bb2 Bg4 14. Ra1 Rfd8 15. Rxa8 Rxa8 16. Ra1 Rxa1+ 17. Bxa1 Nbd7 18. h3 Bxf3 19. Bxf3 Qb6 20. Qa4 Nb8 21. Qa8 Nfd7 22. b5 Qc7 23. Bg4 Kh7 24. Bf3 Nb6 25. Qa7 Nc8 26. Qa2 Nd7 27. bxc6 bxc6 28. Qa6 Ne5 29. Bg2 Qa7 30. Qxa7 Nxa7 31. Bb2 Nd7 32. Kf1 e6 33. Ke1 d5 34. Na4 Bxb2 35. Nxb2 Kg7 36. Kd2 Kf6 37. Kc3 Ke7 38. Kb4 Kd6 39. Na4 c5+ 40. Kc3 Nc6 41. cxd5 exd5 42. e3 d4+ 43. Kd2 Ne7 44. exd4 cxd4 45. Nb2 g5 46. Nc4+ Ke6 47. Na3 f5 48. Nb5 Ke5 1/2-1/2

[Event "Oberliga Ost B"]
[Site "?"]
[Date "2022.11.26"]
[Round "4.6"]
[White "Burkart, Patrick"]
[Black "Borchert, Rene"]
[Result "1-0"]
[WhiteElo "2325"]
[BlackElo "2233"]
[PlyCount "51"]
[EventDate "2022.09.18"]
[EventType "team-tourn"]
[EventCountry "GER"]
[WhiteTeam "Hofheim SV II"]
[BlackTeam "Gernsheim SK"]
[WhiteTeamCountry "GER"]
[BlackTeamCountry "GER"]

1. d4 d5 2. c4 c6 3. Nf3 Nf6 4. Qc2 dxc4 5. Qxc4 Bf5 6. g3 e6 7. Bg2 Be7 8. O-O O-O 9. e3 Nbd7 10. Qe2 c5 11. Nc3 Qb6 12. e4 Bg6 13. e5 Nd5 14. Nxd5 exd5 15. Be3 c4 16. Ne1 Qe6 17. f4 Bf5 18. Bf3 Bh3 19. Ng2 b5 20. f5 Qc6 21. Bg4 Bxg2 22. Qxg2 f6 23. e6 Nb6 24. Bh5 Nc8 25. Qh3 Nd6 26. Bg6 1-0

[Event "Oberliga Ost B"]
[Site "?"]
[Date "2022.11.26"]
[Round "4.7"]
[White "Rosenberger, Frank"]
[Black "Segna, Ulrich"]
[Result "1/2-1/2"]
[WhiteElo "2033"]
[BlackElo "2095"]
[PlyCount "48"]
[EventDate "2022.09.18"]
[EventType "team-tourn"]
[EventCountry "GER"]
[WhiteTeam "Gernsheim SK"]
[BlackTeam "Hofheim SV II"]
[WhiteTeamCountry "GER"]
[BlackTeamCountry "GER"]

1. e4 e6 2. d4 d5 3. Nc3 Bb4 4. exd5 exd5 5. Bd3 Nf6 6. Nge2 O-O 7. O-O Bg4 8. f3 Bh5 9. Bg5 c6 10. Ng3 Bg6 11. Nf5 Re8 12. Ne2 Nbd7 13. c3 Bf8 14. Qd2 Nb6 15. b3 Nc8 16. Neg3 Nd6 17. Rae1 Qd7 18. Nh6+ gxh6 19. Bxf6 Re6 20. Rxe6 Qxe6 21. Be5 Re8 22. Rf2 Bxd3 23. Qxd3 Qg6 24. Qxg6+ hxg6 1/2-1/2

[Event "Oberliga Ost B"]
[Site "?"]
[Date "2022.11.26"]
[Round "4.8"]
[White "Burkart, Lloyd Shang"]
[Black "Will, Jens"]
[Result "1/2-1/2"]
[WhiteElo "1768"]
[BlackElo "2075"]
[PlyCount "50"]
[EventDate "2022.09.18"]
[EventType "team-tourn"]
[EventCountry "GER"]
[WhiteTeam "Hofheim SV II"]
[BlackTeam "Gernsheim SK"]
[WhiteTeamCountry "GER"]
[BlackTeamCountry "GER"]

1. d4 Nf6 2. c4 g6 3. Nf3 Bg7 4. Nc3 d5 5. e3 O-O 6. cxd5 Nxd5 7. Bc4 e6 8. O-O b6 9. Qe2 Bb7 10. Rd1 Nd7 11. e4 Nxc3 12. bxc3 c5 13. e5 Qc7 14. Bg5 Rfe8 15. Rdc1 Bd5 16. Be3 f6 17. exf6 Bxf6 18. Rd1 Rad8 19. Rac1 Qb7 20. Bxd5 exd5 21. Qd2 c4 22. Re1 Re7 23. Bg5 Rde8 24. Rxe7 Rxe7 25. Re1 Rxe1+ 1/2-1/2

[Event "Oberliga Ost B"]
[Site "?"]
[Date "2022.11.26"]
[Round "4.1"]
[White "Poetsch, Hagen"]
[Black "Siebarth, Raiko"]
[Result "1-0"]
[WhiteElo "2473"]
[BlackElo "2327"]
[PlyCount "107"]
[EventDate "2022.09.18"]
[EventType "team-tourn"]
[EventCountry "GER"]
[WhiteTeam "Heusenstamm SC"]
[BlackTeam "Stadtilm SG BW"]
[WhiteTeamCountry "GER"]
[BlackTeamCountry "GER"]

1. e4 c5 2. Nf3 d6 3. d4 cxd4 4. Nxd4 Nf6 5. Nc3 a6 6. Bg5 e6 7. f4 Qb6 8. Qd2 Nc6 9. Bxf6 gxf6 10. Nb3 Bd7 11. O-O-O O-O-O 12. Be2 h5 13. Kb1 Be7 14. h4 Na7 15. Bf3 Nb5 16. Ne2 Bc6 17. a4 Na7 18. a5 Qc7 19. Qe3 Kb8 20. f5 exf5 21. exf5 d5 22. Nf4 Bd6 23. Nxd5 Bxd5 24. Bxd5 Be5 25. Qb6 Qxb6 26. axb6 Nc8 27. Bxf7 Rxd1+ 28. Rxd1 Nxb6 29. Nc5 Ka7 30. Rd3 Rh7 31. Bg6 Rc7 32. b4 a5 33. c3 Nc4 34. Bxh5 Nd6 35. Bf3 Nxf5 36. h5 Nd6 37. Ka2 b5 38. g4 Kb6 39. Bd5 Rg7 40. Be6 Kc6 41. Rh3 f5 42. gxf5 Rg2+ 43. Kb1 a4 44. h6 a3 45. h7 Bh8 46. f6 Rb2+ 47. Ka1 Rf2 48. f7 Nxf7 49. Bxf7 Rxf7 50. Ka2 Kd5 51. Kxa3 Kc4 52. Ne4 Rd7 53. Kb2 Rd8 54. Kc2 1-0

[Event "Oberliga Ost B"]
[Site "?"]
[Date "2022.11.26"]
[Round "4.2"]
[White "Mueller, Magnus"]
[Black "Zuyev, Igor"]
[Result "0-1"]
[WhiteElo "2057"]
[BlackElo "2456"]
[PlyCount "92"]
[EventDate "2022.09.18"]
[EventType "team-tourn"]
[EventCountry "GER"]
[WhiteTeam "Stadtilm SG BW"]
[BlackTeam "Heusenstamm SC"]
[WhiteTeamCountry "GER"]
[BlackTeamCountry "GER"]

1. d4 d5 2. Nc3 Bf5 3. Bf4 e6 4. f3 Bb4 5. e3 Nf6 6. g4 Bg6 7. h4 Bxc3+ 8. bxc3 h6 9. Bd3 Nc6 10. Ne2 O-O 11. Bg3 Qe7 12. Nf4 e5 13. dxe5 Nxe5 14. Kf2 Rae8 15. Re1 c6 16. Kg2 Nfd7 17. Nxg6 fxg6 18. f4 Nxd3 19. cxd3 Nc5 20. Qd2 h5 21. g5 Qe6 22. Rad1 Re7 23. Bf2 b6 24. Bg3 Rfe8 25. Re2 Qg4 26. Ree1 b5 27. Kf2 Na4 28. Rc1 a6 29. Qe2 Qh3 30. Qd2 Nc5 31. Rcd1 Na4 32. Rc1 Qg4 33. Qe2 Qf5 34. Qd2 Qh3 35. Rh1 Qf5 36. Rhe1 c5 37. c4 dxc4 38. dxc4 Rd7 39. Qc2 Re4 40. cxb5 axb5 41. Re2 c4 42. Rd2 Nc5 43. Rxd7 Qxd7 44. Rb1 Nd3+ 45. Kg2 Rxe3 46. a4 Qg4 0-1

[Event "Oberliga Ost B"]
[Site "?"]
[Date "2022.11.26"]
[Round "4.3"]
[White "Solonar, Stefan"]
[Black "Schneider, Christian"]
[Result "1/2-1/2"]
[WhiteElo "2282"]
[BlackElo "2230"]
[PlyCount "45"]
[EventDate "2022.09.18"]
[EventType "team-tourn"]
[EventCountry "GER"]
[WhiteTeam "Heusenstamm SC"]
[BlackTeam "Stadtilm SG BW"]
[WhiteTeamCountry "GER"]
[BlackTeamCountry "GER"]

1. e4 c6 2. d4 d5 3. exd5 cxd5 4. c4 Nf6 5. Nc3 e6 6. Nf3 Be7 7. c5 O-O 8. Bg5 b6 9. b4 Ne4 10. Bxe7 Qxe7 11. Qc2 a5 12. Na4 axb4 13. Nxb6 Ra3 14. Bd3 Qa7 15. Bxe4 dxe4 16. Nxc8 Rxc8 17. Qxe4 b3 18. O-O Nd7 19. Nd2 Nf6 20. Qe5 bxa2 21. Nc4 Ra6 22. Nb6 Rd8 23. Rfd1 1/2-1/2